| 000 | 00845nam a22002057a 4500 | ||
|---|---|---|---|
| 999 |
_c9919 _d9919 |
||
| 003 | AR-CdUCM | ||
| 008 | 190328b ||||| |||| 00| 0 spa d | ||
| 040 |
_aMUNICIPALIDAD PROVINCIAL DEL CUSCO _cBIBLIOTECA MUNICIPAL DEL CUSCO |
||
| 082 |
_23ed. _a985.05 / _bB26 / 1946 |
||
| 100 |
_aBasadre, Jorge _9198 |
||
| 245 | _aHistoria de la República del Perú / | ||
| 260 |
_aLima : _bCultura Antártica S. A. ; _c1946. |
||
| 300 |
_a348 páginas ; _c24cm |
||
| 505 | _aContenido: La dictadura de 1866 y el constitucionalismo liberal de 1867 -- La era de los grandes empréstitos y obras públicas (1868a1872) -- Las elecciones y las jornadas multitudinarias de 1872 -- El civilismo de 1872-76 y el eclecticismo 1876-79... | ||
| 650 |
_aHistoria _9136 |
||
| 650 |
_aPerú _935 |
||
| 650 |
_aRepública _9831 |
||
| 942 |
_2ddc _cLIBROS |
||
| 945 | _anom | ||